De técnica contable (Registro nro. 2181)

Detalles MARC
000 -LEADER
fixed length control field 00844 a2200205 4500
001 - CONTROL NUMBER
control field 31481
005 - DATE AND TIME OF LATEST TRANSACTION
control field 20260407155619.0
008 - FIXED-LENGTH DATA ELEMENTS--GENERAL INFORMATION
fixed length control field 260407a1946 arg spa d
003 - CONTROL NUMBER IDENTIFIER
control field AR-UNSa-BCEJYS
040 ## - CATALOGING SOURCE
Original cataloging agency AR-UNSa-BCEJYS
Language of cataloging spa
Transcribing agency AR-UNSa-BCEJYS
080 ## - UNIVERSAL DECIMAL CLASSIFICATION NUMBER
Universal Decimal Classification number 658
Common auxiliary subdivision Administración de empresas. Organización comercial
100 1# - MAIN ENTRY--PERSONAL NAME
Personal name Boter Mauri, Fernando
245 10 - TITLE STATEMENT
Title De técnica contable
250 ## - EDITION STATEMENT
Edition statement 3a. ed
264 #1 - PRODUCTION, PUBLICATION, DISTRIBUTION, MANUFACTURE, AND COPYRIGHT NOTICE
Place of production, publication, distribution, manufacture Barcelona :
Name of producer, publisher, distributor, manufacturer Juventud
Date of production, publication, distribution, manufacture, or copyright notice 1946
300 ## - PHYSICAL DESCRIPTION
Extent 304 p.
Dimensions 22 cm.
505 ## - FORMATTED CONTENTS NOTE
Formatted contents note 1. Organización de empresas - 2. De organización contable - 3. Contabilizaciones especiales - 4. Amortizaciones - 5. Inventarios y balances - 6. De contabilidad industrial - 7. De contabilidad de sociedades - 8. Cuestiones de cálculo comercial - 9. Estudios jurídico contables.
590 ## - LOCAL NOTE (RLIN)
Local note niveau_biblio:m niveau_hierar:0
942 ## - ADDED ENTRY ELEMENTS (KOHA)
Koha item type
Existencias
Withdrawn status Lost status Damaged status Not for loan Home library Current library Shelving location Date acquired Total checkouts Full call number Barcode Date last seen Price effective from Koha item type
        Biblioteca Prof. Eusebio Cleto del Rey Biblioteca Prof. Eusebio Cleto del Rey   07/04/2026   658 B748 3ed. L20018 07/04/2026 07/04/2026 Libro